000 00531nam a2200193Ia 4500
001 725
008 220701s1904 ii a g b000 u 465 u
082 _a915.15
100 _aDas , Sarat Chandra .
245 0 _aJourney to Lhasa and Central Tibet /
_cSarat Chandra Das.
_hTextual Documents
250 _a1st ed. /
260 _aLondon :
_bJohn Murray ,
_c1904.
300 _a368p. :
_bill ;
_c24cm .
653 _aHistory-Tibet
653 _aTibet History
653 _aRare-History
700 _aRockhill, W. W .
942 _2ddc
_cBK
999 _c723
_d723